| 000 | 01250cam a22003257a 4500 | ||
|---|---|---|---|
| 001 | 2100 | ||
| 005 | 20240221114620.0 | ||
| 020 | _a9780142408896 | ||
| 040 |
_aDLC _cDLC _dDLC _beng |
||
| 050 | 0 | 0 | _aPZ7.S68524 |
| 082 | 0 | 0 | _a511 |
| 100 | 1 |
_aSobol, Donald J. _d1924-2012 |
|
| 245 | 1 | 0 |
_aEncyclopedia Brown and the case of the secret pitch / _cby Donald J. Sobol ; Illustrated by Leonard Shortall. |
| 246 | 3 | 0 | _aCase of the secret pitch |
| 250 | _aReinforced library bound ed. | ||
| 260 |
_aNew York : _bPuffin Books ; _c2007 |
||
| 300 |
_a96 pages : _billustration ; _c19 cm . |
||
| 490 | 0 | _aEncyclopedia Brown series | |
| 500 | _aFirst published in 1965. | ||
| 500 | _a"Puffin Books, an imprint of Penguin Group (USA)." | ||
| 500 | _a"Everyone's favorite boy detective"--Cover. | ||
| 505 | _aO | ||
| 520 | _aIdaville's secret weapon against lawbreakers, ten-year-old Leroy "Encyclopedia" Brown, helps the police force solve ten new cases, the solutions to which are found in the back of the book. | ||
| 521 |
_a630 _bLexile |
||
| 521 |
_aO
_bRaz-Plus |
||
| 650 | 1 |
_aMystery and detective stories. _vfiction |
|
| 700 | 1 |
_aShortall, Leonard _eillustrator |
|
| 906 |
_a7 _bcbc _corigcop _d2 _encip _f20 _gy-gencatlg |
||
| 942 |
_2ddc _cBK _n0 |
||
| 999 |
_c2100 _d2100 |
||